000 00456nam a22001577a 4500
999 _c3990
_d3990
008 200709b ||||| |||| 00| 0 eng d
020 _a8120402057
082 0 0 _a624.171
_bM9539
100 _93297
_aMukhopadhayay, Madhujit
245 1 0 _aMatrix,finite element,computer and structural analysis /
_cby Madhujit Mukhopadhayay
250 _a2nd ed.
260 _aCalcutta
_bOxford
_c1987
300 _axvi, 382 p.
650 0 _aStructural Analysis
942 _cBK